LEADER 01209nam--2200397---450- 001 990000460910203316 005 20070914161215.0 035 $a0046091 035 $aUSA010046091 035 $a(ALEPH)000046091USA01 035 $a0046091 100 $a20010522d1980----km-y0itay0103----ba 101 $ata 102 $aIT 105 $a||||||||001yy 200 1 $aCultura popolare$edialettica e contestualitą$fGiovanni Battista Bronzini 210 $aBari$cDedalo libri$d1980 215 $a301 p.$d21 cm 225 2 $aLa scienza nuova$v71 410 $12001$aLa scienza nuova$v71 606 0 $aCultura popolare$xStudi$zSec. 20. 606 0 $aFolklore$xStudi$zSec. 20. 676 $a306.40904 700 1$aBRONZINI,$bGiovanni Battista$0120671 801 0$aIT$bsalbc$gISBD 912 $a990000460910203316 951 $aIII.2. 1182(VARIE COLL. 161/71)$b96345 LM$cVARIE COLL. 959 $aBK 969 $aUMA 979 $aPATTY$b90$c20010522$lUSA01$h1108 979 $c20020403$lUSA01$h1654 979 $aPATRY$b90$c20040406$lUSA01$h1632 979 $aCOPAT4$b90$c20050114$lUSA01$h1530 979 $aCOPAT6$b90$c20070914$lUSA01$h1612 996 $aCultura popolare$974857 997 $aUNISA LEADER 01017nam a2200277 i 4500 001 991001110649707536 005 20020502183715.0 008 981210s1990 it ||| | ita 020 $a8820436612 035 $ab1146527x-39ule_inst 035 $aPRUMB55105$9ExL 040 $aDip. SSSC$bita 082 0 $a306.27 100 1 $aNuciari, Marina$0527043 245 10$aEfficienza e forze armate :$bla ricerca sociologica sull'istituzione militare /$cMarina Nuciari ; scritti di :$bJ. Faris ... [et al.] ; prefazione di Guido F. Sertorio 260 $aMilano :$bAngeli,$c1990 300 $a421 p. ;$c22 cm. 440 3$aLa societą ;$v122 650 4$aForze armate$xSociologia 700 1 $aFaris, J. 907 $a.b1146527x$b02-04-14$c01-07-02 912 $a991001110649707536 945 $aLE021 NHD10$g1$i2021000021961$lle021$o-$pE0.00$q-$rl$s- $t0$u2$v0$w2$x0$y.i11653760$z01-07-02 996 $aEfficienza e forze armate$9811497 997 $aUNISALENTO 998 $ale021$b01-01-98$cm$da $e-$fita$git $h0$i1